=LDR 00000nam 2200000 4500 =001 INLIS000000000001038 =005 20230621023434 =035 ##$$a 0010-0323000161 =007 ta =008 230621################g##########0#ind## =100 1#$$a Papalia, Diane E. =245 1#$$a Human Development (Psikologi Perkembangan) /$c Diane E. Papalia, dkk =250 ##$$a Edisi ke-9 =260 ##$$a Jakarta :$b Kencana Prenada Media Group,$c 2008 =300 ##$$a xxxii, 596 halaman : $b Ilustrasi ; $c 24,5 cm$e - =700 1#$$a Old, Sally Wendkos =700 1#$$a Feldman, Ruth Duskin =520 ##$$a Teks dalam bahasa Indonesia, diterjemahkan dari bahasa Inggris Judul asli : Human Development (Psikologi Perkembangan) Berisi Bagian 1 s/d 1V dan Bagian V s/d IX Buku ini menghadirkan perkembangan teori-teori psikologi perkembangan serta hubungannya dengan dinamika dan realitas kehidupan nyata, lengkap dengan evaluasi terhadap berbagai teori psikologi perkembangan klasik. Disertakan pula dalam buku ini berbagai pembahasan berkaitan dengan faktor pendukung seperti kebijakan sosial, topik lintas kultural, dan berbagai masalah kesehatan kontemporer. =020 ##$$a 978-979-1486-14-9 =082 ##$$a 658.3 =084 ##$$a 658.3 PAP h =990 ##$$a B-2008-00018